书目信息 |
| 题名: |
舞蹈美学
|
|
| 作者: | ||
| 分册: | ||
| 出版信息: | 北京 中央民族大学出版社 2011.09 |
|
| 页数: | 472页 | |
| 开本: | 24cm | |
| 丛书名: | ||
| 单 册: | ||
| 中图分类: | J701 | |
| 科图分类: | ||
| 主题词: | 舞蹈艺术--艺术理论 | |
| 电子资源: | ||
| ISBN: | 978-7-5660-0029-3 | |
| 000 | 00487nam0 2200169 450 | |
| 001 | 202410169303850101 | |
| 005 | 20241022154416.56 | |
| 010 | @a978-7-5660-0029-3@dCNY50.00 | |
| 100 | @a20241016d km y0chiy0120 ea | |
| 101 | 0 | @achi |
| 200 | 1 | @a舞蹈美学@AWu Dao Mei Xue |
| 210 | @a北京@c中央民族大学出版社@d2011.09 | |
| 215 | @a472页@d24cm | |
| 606 | 0 | @a舞蹈艺术@x艺术理论 |
| 690 | @aJ701@v4 | |
| 801 | 0 | @aCN@b大连网信软件有限公司图书馆·11@c20241022 |
| 905 | @aZUCC@b1058795@dJ701@e378@f1 | |
| 舞蹈美学.-北京:中央民族大学出版社,2011.09 |
| 472页;24cm |
| ISBN 978-7-5660-0029-3:CNY50.00 |
| ● |
| 相关链接 |
|
|
|
|
正题名:舞蹈美学
索取号:J701/378
 
预约/预借
| 序号 | 登录号 | 条形码 | 馆藏地/架位号 | 状态 | 备注 |
| 1 | 1058795 | 210587952 | 密集书库-音乐系/ [索取号:J701/378] | 在馆 |